Fundamentos de la ciencia e ingeniería de materiales /
Guardado en:
| Autor Principal: | |
|---|---|
| Otros Autores: | , |
| Formato: | Libro |
| Idioma: | Spanish English |
| Publicado: |
Madrid ; Buenos Aires :
McGraw-Hill/ Interamericana de España,
c1993.
|
| Edición: | 2a. ed. |
| Materias: | |
| Etiquetas: |
Agregar Etiqueta
Sin Etiquetas, Sea el primero en etiquetar este registro!
|
| LEADER | 01031nam a22002415a 4500 | ||
|---|---|---|---|
| 001 | EIQ.libpla001109 | ||
| 008 | 060728s1993####ag#ao####b####001#0#spa#d | ||
| 005 | 20080313174245.0 | ||
| 245 | 1 | 0 | |a Fundamentos de la ciencia e ingeniería de materiales / |c William Smith ; traducción Jesús Martín Gil, Francisco J. Martín Gil. |
| 250 | |a 2a. ed. | ||
| 260 | |a Madrid ; |a Buenos Aires : |b McGraw-Hill/ Interamericana de España, |c c1993. | ||
| 300 | |a xiii, 936 p. : |b il., fotos ; |c 25 cm. | ||
| 500 | |a Traducido de la segunda ed. en inglés de: "Principles of materials science and engineering". | ||
| 504 | |a Incluye referencias bibliográficas e índice. | ||
| 020 | |a 8476159404 | ||
| 100 | 1 | |a Smith, William Fortune, |d 1931- | |
| 700 | 1 | |a Gil, Jesús Martín, |e tr. |4 trl | |
| 700 | 1 | |a Gil, Francisco J. Martín, |e tr. |4 trl | |
| 650 | 4 | |a Ciencia e ingeniería |x Materiales. | |
| 650 | 4 | |a Science and engeeniering |x Materials. | |
| 040 | |a AR-BbSID |b spa |c AR-BbSID | ||
| 041 | 1 | |a spa |h eng | |
| 859 | |a AR-BbSID |b BIB. PLAPIQUI |h 620.112 0 |i Sm 68 |p 4796 | ||
